00309nam a2200133Ia 4500008004100000041000800041082001600049100001300065245005400078260001400132300000800146365000800154700001300162230718s9999 xx 000 0 und d aeng a004.03bWEB aWebsters aInternational Websters Pocket Computer Dictionary c2001bCBS a316 cRs. aWebsters